Introduction to modern photogrammetry / (Record no. 912)

000 -LEADER
fixed length control field 00379 a2200109 4500
020 ## - INTERNATIONAL STANDARD BOOK NUMBER
International Standard Book Number 0471309249 (alk. paper)
082 ## - DEWEY DECIMAL CLASSIFICATION NUMBER
Classification number 526.928 MIK
100 ## - MAIN ENTRY--PERSONAL NAME
Personal name Mikhail, Edward M.
245 ## - TITLE STATEMENT
Title Introduction to modern photogrammetry /
Statement of responsibility, etc. Edward M. Mikhail and James S. Bethel, J. Chris McGlone.
260 ## - PUBLICATION, DISTRIBUTION, ETC.
Place of publication, distribution, etc. New York :
-- Chichester :
Name of publisher, distributor, etc. Wiley,
Date of publication, distribution, etc. c2001.
300 ## - PHYSICAL DESCRIPTION
Extent ix, 479 p. :
Other physical details ill. ;
Dimensions 26 cm. +
650 ## - SUBJECT ADDED ENTRY--TOPICAL TERM
Topical term or geographic name entry element Photogrammetry.
Holdings
Withdrawn status Lost status Source of classification or shelving scheme Damaged status Not for loan Permanent Location Current Location Date acquired Full call number Barcode Date last seen Price effective from Koha item type
  Write Off       School of Civil and Environmental Engineering (SCEE) School of Civil and Environmental Engineering (SCEE)   526.928 MIK NIT-6746 01/05/2017 01/05/2017 Book
© 2023 Central Library, National University of Sciences and Technology. All Rights Reserved.